000 00577cas a22001935a 4500
001 L131004
008 050920d19701993xxkbr p a eng d
035 _a(Sirsi) u131004
041 0 _aeng
110 2 _aSociety of Surveying Technicians
_93045
240 _aNews Sheet
245 0 4 _aThe Surveying Technician
260 _aLondon
_bSociety of Surveying Technicians
_c1970-1993
362 _a1(3) December 1970-21(5) November 1993
554 _aSix per year
651 4 _aUnited Kingdom
_y
690 _aMANAGEMENT-BUSINESS MANAGEMENT-PROFESSIONAL PRACTICE
942 _n0
999 _c118840
_d118840